An introduction to water quality modelling
Enregistré dans:
| Auteur principal: | |
|---|---|
| Format: | Livre |
| Langue: | anglais |
| Publié: |
Chichester :
John Wiley,
1984
|
| Édition: | 1. vyd. |
| Tags: |
Pas de tags, Soyez le premier à ajouter un tag!
|
MARC
| LEADER | 00000nam a22000003a 4500 | ||
|---|---|---|---|
| 001 | stu141090 | ||
| 005 | 20190206124024.2 | ||
| 008 | 070509s1984----uk------------------eng-d | ||
| 040 | |a STU |b slo | ||
| 041 | 0 | |a eng | |
| 044 | |a uk | ||
| 080 | |a 628.1 | ||
| 100 | 1 | |a James, A. |4 aut | |
| 245 | 1 | |a An introduction to water quality modelling | |
| 250 | |a 1. vyd. | ||
| 260 | |a Chichester : |b John Wiley, |c 1984 | ||
| 300 | |a 234 s | ||
| 996 | |c V*27973/O-11729 |l VV7 |s P |a 0 |w stu141090_0001 | ||